Loading...
| Science - Other Science | 1 | 2 | 1 | 1 | 30 | 19 | 89.67 | 1 | 2 |
| History - Ancient History | 0 | 2 | 0 | 1 | 20 | 150 | 152.00 | 0 | 0 |
| Fine Arts - Visual Fine Arts | 0 | 2 | 1 | 0 | 15 | 104 | 128.00 | 1 | 1 |
| Mythology | 0 | 1 | 0 | 0 | 10 | 127 | 127.00 | 0 | 0 |
| History - European History | 0 | 1 | 0 | 0 | 10 | 139 | 139.00 | 0 | 1 |
| Fine Arts - Auditory Fine Arts | 0 | 1 | 0 | 1 | 10 | 137 | 137.00 | 0 | 0 |
| Philosophy | 0 | 1 | 1 | 0 | 5 | 158 | 158.00 | 0 | 0 |
| Social Science | 0 | 0 | 0 | 0 | 0 | 0.00 | 0 | 0 | |
| Geography | 0 | 0 | 0 | 0 | 0 | 0.00 | 0 | 0 | |
| History - American History | 0 | 0 | 0 | 0 | 0 | 0.00 | 0 | 0 | |
| Literature - American Literature | 0 | 0 | 0 | 0 | 0 | 0.00 | 0 | 0 | |
| Literature - British Literature | 0 | 0 | 0 | 0 | 0 | 0.00 | 0 | 0 | |
| Literature - European Literature | 0 | 0 | 0 | 0 | 0 | 0.00 | 0 | 0 | |
| History - World History | 0 | 0 | 1 | 0 | -5 | 0.00 | 0 | 0 |